| 000 | 00650aam a2200265 4500 | ||
|---|---|---|---|
| 005 | 20240612112756.0 | ||
| 008 | 150526b xxu||||| |||| 00| 0 spa d | ||
| 020 | _a9788428315692 | ||
| 041 | _aESP | ||
| 082 | _a693.5 A923a7 | ||
| 100 | _aAuguste, Pierre | ||
| 245 | _aAlbañilería | ||
| 250 | _a7 edición | ||
| 260 | _aEspaña | ||
| 260 | _bInternational Thomson Editores | ||
| 260 | _c2004 | ||
| 300 | _a127 páginas | ||
| 440 | _aBricolaje | ||
| 650 | _aALBAÑILERÍA | ||
| 650 | _aAGLUTINANTES | ||
| 650 | _aMATERIALES PARA LA CONSTRUCCIÓN | ||
| 650 | _aPREPARACIÓN DE LOS AGLUTINANTES | ||
| 942 |
_cBK _2ddc |
||
| 999 |
_c2287 _d2287 |
||